000
00374nam a2200169Ia 4500
005
20250508154220.0
008
008 250505s9999 xx 000 0 hin d
037
_a
Periodicals
040
_a
FEDL
_b
eng
_c
FEDL
041
_a
hin
_2
eng
084
_q
FEDL
245
0
_a
Shiksha. Vols
260
_c
1958
490
_v
Vol 1
942
_c
CR
999
_c
1348687
_d
1348687